000 00646nam a2200241Ia 4500
008 180523s9999 xx 000 0 und d
020 _a978-981-0695-94-1
050 _aMAIN HM 51
050 _b.H46 2010
100 _aHenslin, James M.
245 0 _aSociology :
245 2 _ba down-to-earth approach core concepts /
245 0 _cJames M. Henslin.
250 _a4th Edition
260 _aSingapore :
260 _bPearson Education South Asia,
260 _c2010
300 _a333 pages :
300 _billustrations ;
300 _c27 cm.
500 _aIncludes bibliographical references and index.
650 _aSociology.
999 _c357279
_d357279